000 01339nam0a22002771 4500
001 v19\rc\1696550
005 20260406070546.0
035 _a(NLR Aleph) 005244937
090 _a5743764
_c5743764
100 _a20061002d1897 |||y0rusy50 ca
101 1 _arus
_cger
102 _aRU
105 _ay z |||||
200 1 _aПривычные запоры и их лечение
_eПер. с нем.
_fG.A. Ewald, проф. Берл. ун-та
_gПод ред. д-ра мед. П.М. Ревидцова
210 _aМосква
_cРус. т-во печ. и изд. дела
_d1897
215 _a35 с.
_d21
300 _aИз предисл.: "Предлагаемая монография, предназначен. авт. для "Амер. мед. энциклопедич. словаря", напеч. также в недавно вышедшей 105 кн. "Berliner Klinik"
700 1 _8rus
_7ca
_aЭвальд
_bК. А.
_f1845-1915
_gКарл Антон
_3RU\NLR\AUTH\7715786
_9125434
702 1 _4340
_8rus
_7ca
_aРевидцов
_bП. М.
_f1884-1926
_gПетр Моисеевич
_3RU\NLR\AUTH\77114370
_997295
801 0 _aRU
_bNLR
_c20061002
_gpsbo
801 0 _aRU
_bRuMoRGB
_c20061002
_2psbo
801 1 _aRU
_bProSoft-M
_c20061002
_2rusmarc
801 2 _aRU
_bNLR
_c20121109
_2rusmarc
852 _aNLR
_j20.99.6.209
942 _cBOOK
980 _aNB